000 00324nam a2200133Ia 4500
008 210210b1981 xxu||||| |||| 00| 0 eng d
082 _a301 SAKI
100 _aSAKSENA (R N).
245 _aindian social thought.
260 _aMeerut
_bMeenakshi prakashan
_c1981
300 _avi,232
690 _aSociology
906 _a035605
999 _c85973
_d85973